000 nam a22 7a 4500
999 _c10862
_d10862
008 180306b ||||| |||| 00| 0 eng d
100 _aNrich
_96687
245 _aA Guide to Perfect Genius
260 _aNew Delhi
_bNrich